|
|
|
|
| LEADER |
01400nam a2200349 i 4500 |
| 001 |
34377 |
| 003 |
BD-DhAAL |
| 005 |
20190325092807.0 |
| 008 |
180504s2019 enk b 000 0 eng |
| 999 |
|
|
|c 40511
|d 40511
|
| 010 |
|
|
|a 2018019008
|
| 020 |
|
|
|a 9781138313859 (hbk)
|
| 020 |
|
|
|z 9780429457388 (ebk)
|
| 040 |
|
|
|a DLC
|b eng
|c DLC
|e rda
|d DLC
|d BD-DhAAL
|
| 042 |
|
|
|a pcc
|
| 050 |
0 |
0 |
|a PE1128.A2
|b K65 2019
|
| 082 |
0 |
0 |
|a 428.0071
|2 23
|
| 100 |
1 |
|
|a Kong, Melinda
|9 30503
|
| 245 |
1 |
4 |
|a The hopes and experiences of bilingual teachers of English :
|b investments, expectations and identity /
|c Melinda Kong.
|
| 260 |
|
|
|a London ;
|a New York :
|b Routledge/Taylor & Francis Group,
|c c2019.
|
| 300 |
|
|
|a x, 198 pages ;
|c 24 cm.
|
| 504 |
|
|
|a Includes bibliographical references.
|
| 526 |
|
|
|a ENH
|
| 541 |
|
|
|a Parama
|e 34377
|
| 650 |
|
0 |
|a English language
|x Study and teaching
|x Foreign speakers
|9 30504
|
| 650 |
|
0 |
|a English language
|x Study and teaching
|z Foreign countries.
|9 30505
|
| 650 |
|
0 |
|a English teachers
|x Training of.
|9 30506
|
| 650 |
|
0 |
|a English language
|x Study and teaching (Graduate)
|9 30507
|
| 650 |
|
0 |
|a Foreign study.
|9 30508
|
| 852 |
|
|
|a Ayesha Abed Library
|c General Stacks
|
| 942 |
|
|
|2 ddc
|c BK
|
| 952 |
|
|
|0 0
|1 0
|2 ddc
|4 0
|6 428_007100000000000_KON
|7 0
|9 65136
|a BRACUL
|b BRACUL
|c GEN
|d 2019-02-26
|e Parama
|g 8165.00
|l 1
|m 3
|o 428.0071 KON
|p 3010034377
|r 2022-12-21
|s 2022-12-01
|t 1
|v 8165.00
|w 2019-02-26
|y BK
|